| 000 | 00312 a2200133 4500 | ||
|---|---|---|---|
| 001 | 81530 | ||
| 082 | _a621.3848 LON | ||
| 090 |
_c39773 _d39773 |
||
| 100 | _aLong Maurice.W | ||
| 245 | _aRadar Reflectivity of Land and Sea, 3/e | ||
| 250 | _a3 | ||
| 260 |
_aboston _bArtech House _c2001 |
||
| 300 | _a534 p. | ||
| 942 |
_aNUST-CAE _k621.3848 LON |
||
| 999 |
_c316603 _d316603 |
||